<?xml version="1.0" encoding="UTF-8"?>
<record
    xmlns:xsi="http://www.w3.org/2001/XMLSchema-instance"
    xsi:schemaLocation="http://www.loc.gov/MARC21/slim http://www.loc.gov/standards/marcxml/schema/MARC21slim.xsd"
    xmlns="http://www.loc.gov/MARC21/slim">

  <leader>02176nam a22003137a 4500</leader>
  <datafield tag="999" ind1=" " ind2=" ">
    <subfield code="c">22215</subfield>
    <subfield code="d">22215</subfield>
  </datafield>
  <controlfield tag="003">AR-CdUCM</controlfield>
  <controlfield tag="008">190425b           ||||| |||| 00| 0 spa d</controlfield>
  <datafield tag="040" ind1=" " ind2=" ">
    <subfield code="a">MUNICIPALIDAD PROVINCIAL DEL CUSCO</subfield>
    <subfield code="c">BIBLIOTECA MUNICIPAL DEL CUSCO</subfield>
  </datafield>
  <datafield tag="082" ind1=" " ind2=" ">
    <subfield code="a">Qollana/N&#xB0;6/1998</subfield>
  </datafield>
  <datafield tag="245" ind1=" " ind2=" ">
    <subfield code="a">Qollana :</subfield>
    <subfield code="b">revista de Antropolog&#xED;a /</subfield>
    <subfield code="c">Julio Edmundo Olivera L, Director</subfield>
  </datafield>
  <datafield tag="260" ind1=" " ind2=" ">
    <subfield code="a">Cusco.</subfield>
    <subfield code="b">Qollana,</subfield>
    <subfield code="c">1998.</subfield>
  </datafield>
  <datafield tag="300" ind1=" " ind2=" ">
    <subfield code="a">60 p&#xE1;ginas. :</subfield>
    <subfield code="b">ilustraciones ;</subfield>
    <subfield code="c">30 cm.</subfield>
  </datafield>
  <datafield tag="440" ind1=" " ind2=" ">
    <subfield code="a">Qollana.</subfield>
    <subfield code="n">A&#xF1;o6,N&#xB0;6, octubre,  noviembre 1998.</subfield>
    <subfield code="9">47661</subfield>
  </datafield>
  <datafield tag="505" ind1=" " ind2=" ">
    <subfield code="a">Contenido: Visi&#xF3;n de la Arqueolog&#xED;a en el Cusco. -- La Etnoarqueolog&#xED;a una nueva forma de analizar la cultura material. -- Antecedentes del estudio de la Arquitectura prehisp&#xE1;nica. -- Plomadas Inka descubiertas en la cantera de Waqoto su relaci&#xF3;n con la talla y ensamble angular de bloques l&#xED;ticos en la Arquitectura Inka del Cusco. -- La restauraci&#xF3;n de un recinto incaico en Machupicchu. -- Arqueolog&#xED;a de Cusco y Manuel Ch&#xE1;vez Ball&#xF3;n. -- Piquillagta y Wari. -- Contribuci&#xF3;n al estudio de la hidr&#xE1;ulica Inka Urbana el caso de Saphy Huatanay. -- Qaluyo un estilo del Horizonte Temprano en el Altiplano del Sur aproximaciones en sus fases. -- El periodo pre alfarero del Noroeste del Altiplano peruano aproximaciones a trav&#xE9;s de comparaciones Ayaviri Melgar Puno. -- Con respecto al Escudo de Echenique. -- I conversatorio con respecto al escudo del Cusco. -- Un s&#xED;mbolo andino de avanzados conocimientos Astron&#xF3;micos. --  El arte surrealista de Chav&#xED;n de Hu&#xE1;ntar. -- Programa de preservaci&#xF3;n y desarrollo PPRED. -- El se&#xF1;or de Sip&#xE1;n.                           </subfield>
  </datafield>
  <datafield tag="650" ind1=" " ind2=" ">
    <subfield code="a">Cultura andina</subfield>
    <subfield code="9">47570</subfield>
  </datafield>
  <datafield tag="650" ind1=" " ind2=" ">
    <subfield code="a">Arquitectura Inka</subfield>
    <subfield code="9">45226</subfield>
  </datafield>
  <datafield tag="650" ind1=" " ind2=" ">
    <subfield code="a">Arqueolog&#xED;a cusque&#xF1;a</subfield>
    <subfield code="9">9322</subfield>
  </datafield>
  <datafield tag="650" ind1=" " ind2=" ">
    <subfield code="a">Siglo XX</subfield>
    <subfield code="9">47561</subfield>
  </datafield>
  <datafield tag="700" ind1=" " ind2=" ">
    <subfield code="a">Mormontoy Atayupanqui, Alfredo</subfield>
    <subfield code="9">47061</subfield>
  </datafield>
  <datafield tag="700" ind1=" " ind2=" ">
    <subfield code="a">Gonzales Corrales, Jos&#xE9;</subfield>
    <subfield code="9">46586</subfield>
  </datafield>
  <datafield tag="700" ind1=" " ind2=" ">
    <subfield code="a">Tovar Cayo, Jos&#xE9; Luis</subfield>
    <subfield code="9">47662</subfield>
  </datafield>
  <datafield tag="700" ind1=" " ind2=" ">
    <subfield code="a">Valencia Zegarra, Alfredo</subfield>
    <subfield code="9">18086</subfield>
  </datafield>
  <datafield tag="700" ind1=" " ind2=" ">
    <subfield code="a">Calvo Calvo, Rossano</subfield>
    <subfield code="9">44156</subfield>
  </datafield>
  <datafield tag="700" ind1=" " ind2=" ">
    <subfield code="a">Ch&#xE1;vez Ball&#xF3;n, Manuel</subfield>
    <subfield code="9">45977</subfield>
  </datafield>
  <datafield tag="700" ind1=" " ind2=" ">
    <subfield code="a">Palomino D&#xED;az, Julio</subfield>
    <subfield code="9">3902</subfield>
  </datafield>
  <datafield tag="700" ind1=" " ind2=" ">
    <subfield code="a">Calero Flores, Jorge</subfield>
    <subfield code="9">47663</subfield>
  </datafield>
  <datafield tag="942" ind1=" " ind2=" ">
    <subfield code="2">ddc</subfield>
    <subfield code="c">PP</subfield>
  </datafield>
  <datafield tag="945" ind1=" " ind2=" ">
    <subfield code="a">rac</subfield>
  </datafield>
  <datafield tag="952" ind1=" " ind2=" ">
    <subfield code="0">0</subfield>
    <subfield code="2">ddc</subfield>
    <subfield code="4">0</subfield>
    <subfield code="7">0</subfield>
    <subfield code="a">HEM</subfield>
    <subfield code="b">HEM</subfield>
    <subfield code="c">CART</subfield>
    <subfield code="d">2022-03-25</subfield>
    <subfield code="g">5.00</subfield>
    <subfield code="o">Qollana/N&#xB0;6/1998</subfield>
    <subfield code="p">REVC000869</subfield>
    <subfield code="r">2022-03-25</subfield>
    <subfield code="y">PP</subfield>
  </datafield>
</record>
